Software engineering : theory and practice / (Record no. 9155)
[ view plain ]
| 000 -LEADER | |
|---|---|
| fixed length control field | 00765nac a22002171u 4500 |
| 010 ## - LIBRARY OF CONGRESS CONTROL NUMBER | |
| LC control number | 2006275332 |
| 020 ## - INTERNATIONAL STANDARD BOOK NUMBER | |
| International Standard Book Number | 0131469134 |
| 082 00 - DEWEY DECIMAL CLASSIFICATION NUMBER | |
| Classification number | 005.1 |
| Item number | PFL |
| 090 ## - LOCALLY ASSIGNED LC-TYPE CALL NUMBER (OCLC); LOCAL CALL NUMBER (OCLC) | |
| -- | 9155 |
| -- | 9155 |
| 100 ## - MAIN ENTRY--PERSONAL NAME | |
| Personal name | Pfleeger, Shari Lawren |
| 245 10 - TITLE STATEMENT | |
| Title | Software engineering : theory and practice / |
| Statement of responsibility, etc | Shari Lawrence Pfleeger. |
| 250 ## - EDITION STATEMENT | |
| Edition statement | 3rd ed. |
| 260 ## - PUBLICATION, DISTRIBUTION, ETC. (IMPRINT) | |
| Place of publication, distribution, etc | Upper Saddle River, N.J. : |
| Name of publisher, distributor, etc | Pearson/Prentice Hall,c2006 |
| Date of publication, distribution, etc | c2006 |
| 300 ## - PHYSICAL DESCRIPTION | |
| Extent | 716 p. : |
| Other physical details | ill. ; |
| Dimensions | 25 cm. |
| 500 ## - GENERAL NOTE | |
| General note | "An Alan R. Apt book." |
| 500 ## - GENERAL NOTE | |
| General note | Distributer: Al-Ahram. |
| 511 ## - PARTICIPANT OR PERFORMER NOTE | |
| Participant or performer note | Catalogued By: Mahitab. |
| 650 #0 - SUBJECT ADDED ENTRY--TOPICAL TERM | |
| Topical term or geographic name as entry element | Software engineering. |
| 942 ## - ADDED ENTRY ELEMENTS (KOHA) | |
| Item type | Book - Borrowing |
| Call number prefix | 005.1PFL |
| Withdrawn status | Item status | Damaged status | Not for loan | Home library | Current library | Shelving location | Date acquired | Source of acquisition | Total Checkouts | Total Renewals | Full call number | Barcode | Date last seen | Date last borrowed | Koha item type |
|---|---|---|---|---|---|---|---|---|---|---|---|---|---|---|---|
| Central Library | Central Library | Lower Floor | 08/04/2016 | Purchase | 2 | 1 | 005.1PFL | 000011276 | 15/07/2025 | 21/01/2011 | Book - Borrowing |